| 000 | 00455cam a22001337a 4500 | ||
|---|---|---|---|
| 008 | 180718b1997 xxu||||| |||| 00| 0 eng d | ||
| 020 | _a8185137277 | ||
| 082 | _aA99 G346 | ||
| 100 | _aGhosh, Aurobindo | ||
| 245 |
_aIndia's rebirth: a selection from Sri Aurobindo's writings, talks and speeches _cby Aurobindo Ghosh |
||
| 260 |
_aParis _bInstitute De Recherches Evolutives _c1997 |
||
| 300 | _a271p. | ||
| 650 | _aGhosh, Aurbindo - Speeches, addresses, etc. | ||
| 999 |
_c490105 _d490105 |
||